000 00378pab a2200157 454500
008 180718b2001 xxu||||| |||| 00| 0 eng d
100 _aPuri, Balraj
245 _aIndia, Kashmir and war against terrorism
260 _c2001
300 _ap.4043-044
362 _a27 Oct
650 _aWar
650 _aTerrorism
773 _aEconomic and Political Weekly
909 _a50370
999 _c50370
_d50370